|
|
|
|
| LEADER |
00000nam a2200000 a 4500 |
| 001 |
vtls001362500 |
| 003 |
SK-MaSNL |
| 005 |
20260301070653.0 |
| 008 |
240314s1999 xo aap r yc hun |
| 015 |
|
|
|a SNBA1999/08-03077
|
| 020 |
|
|
|a 8085509776
|
| 035 |
|
|
|a SNK000316097
|
| 035 |
|
|
|a urn:nbn:sk:snk-amkjfp
|
| 035 |
|
|
|a urn:nbn:sk:snk-am003a89
|
| 035 |
|
|
|a 17E917A8-8290-4932-9233-6D3CF6499E31
|
| 040 |
|
|
|a SNK
|b slo
|c SNK
|e AACR2
|
| 041 |
0 |
|
|a hun
|
| 044 |
|
|
|a xo
|c SK
|
| 080 |
|
|
|a 929(439)=945.11
|2 1981
|
| 080 |
|
|
|a 06.068 Nobel
|2 1981
|
| 100 |
1 |
|
|a Bödők, Zsigmond,
|d 1957-2010
|4 aut
|9 186223
|
| 245 |
1 |
0 |
|a Nobel-dijás magyarok
|c Bödők Zsigmond
|
| 250 |
|
|
|a 2. javít. és bővít. kiad.
|
| 260 |
|
|
|a Dunaszerdahely
|b NAP Kiadó
|c 1999
|
| 300 |
|
|
|a 108 s.
|b fotogr., tab.
|c 21 cm
|
| 504 |
|
|
|a Bibliogr. s. 107-108
|
| 650 |
0 |
7 |
|a osobnosti významné
|z Maďarsko
|x Nobelova cena
|x prehľady
|x biografie
|2 SNK
|9 387243
|
| 650 |
0 |
7 |
|a Nobelova cena (ocenenie)
|2 SNK
|9 253043
|
| 655 |
|
7 |
|a biografie
|2 SNK
|9 27965
|
| 752 |
|
|
|d Dunajská Streda
|
| 919 |
|
|
|a 80-85509-77-6
|
| 958 |
|
|
|a TL
|
| 958 |
|
|
|a NB
|
| 958 |
|
|
|a HU
|
| 958 |
|
|
|a BC
|
| 999 |
|
|
|c 635113
|d 637043
|
| 952 |
|
|
|t P60, <03>, [BOOK], {603}
|a SNK
|b SNK
|y PREZ
|7 0
|p 17A0192636
|o snkSC 98672
|i snkKSP 5421/99
|0 0
|1 0
|4 0
|d 1999-05-10
|f 1
|l 0
|r 2025-09-18 00:00:00
|w 2026-02-23
|
| 952 |
|
|
|t P60, <04>, [BOOK], {604}
|a SNK
|b SNK
|y VYP
|7 0
|p 17A0192637
|o snkSC 98672 D1
|i snkKSP 5422/99
|0 0
|1 0
|4 0
|d 1999-05-10
|l 0
|r 2005-01-02 00:00:00
|w 2026-02-23
|
| 952 |
|
|
|t P60, <09>, [BOOK], {629}
|a SNK
|b SNK
|y NEVYP
|7 0
|o snkC 676
|i snk1264/991020
|0 0
|1 0
|4 0
|d 1999-10-19
|l 0
|r 2005-01-02 00:00:00
|w 2026-02-23
|